| 000 | 00911nam a2200253Ia 4500 | ||
|---|---|---|---|
| 003 | GCL | ||
| 008 | 140319s9999 xx 000 0 ara d | ||
| 020 | _a2032383977 | ||
| 040 |
_aGCL / _cGCL |
||
| 082 | 0 | 4 |
_a355.031 _bا ن |
| 100 | 1 | _aالسيد مصطفى احمد ابو الخير | |
| 245 | 1 | 0 |
_aالنظرية العامة للاحلاف العسكرية / _cالسيد مصطفى احمد ابو الخير |
| 250 | _aالاولى | ||
| 260 |
_aالقاهرة : _bايتراك للنشر والتوزيع ، _c2005 |
||
| 300 |
_a597 ص ؛ _c25 سم |
||
| 650 | 0 | 4 | _aالقانون الدولى |
| 650 | 0 | 4 | _aالمعاهدات الدولية |
| 650 | 0 | 4 | _aالسياسة العسكرية |
| 650 | 0 | 4 | _aالحرب الباردة |
| 650 | 0 | 4 | _aالاحلاف العسكرية |
| 650 | 0 | 4 | _aالتكتلات السياسية |
| 650 | 0 | 4 | _aحلف شمال الاطلنطى |
| 942 |
_2ddc _cBK |
||
| 999 |
_c51132 _d51132 |
||